Statistics for Countries A-Z (Part 6)

Click here to take the quiz!

General Stats

  • This quiz has been taken 11 times
  • The average score is 31 of 35

Answer Stats

Answer% Correct
Netherlands
100%
New Zealand
100%
Nicaragua
100%
Niger
100%
Nigeria
100%
Norway
100%
Panama
100%
Papua New Guinea
100%
Poland
100%
Portugal
100%
Russia
100%
Saudi Arabia
100%
Serbia
100%
Slovakia
100%
Slovenia
100%
Oman
91%
Pakistan
91%
Palau
91%
Philippines
91%
Qatar
91%
Romania
91%
San Marino
91%
Senegal
91%
Seychelles
91%
Paraguay
82%
Peru
82%
Saint Lucia
82%
Singapore
82%
American Samoa
73%
Samoa
73%
Sierra Leone
73%
St Kitts and Nevis
73%
Rwanda
64%
São Tomé and Príncipe
64%
St Vincent and the Grenadines
64%

Score Distribution

Percentile by Number Answered

Percent of People with Each Score

Your Score History

You have not taken this quiz